ბათუმის შოთა რუსთაველის სახელმწიფო უნივერსიტეტის ბიბლიოთეკა

Курс Эконогмики:Учубник (ბიბ.ჩანაწერი № 37122)

000 -LEADER
fixed length control field 00556nam a2200217Ia 4500
001 - CONTROL NUMBER
control field 3078
003 - CONTROL NUMBER IDENTIFIER
control field GE_BSU
008 - FIXED-LENGTH DATA ELEMENTS--GENERAL INFORMATION
fixed length control field 181216s||||||||xx |||||||||||||| ||und||
020 ## - INTERNATIONAL STANDARD BOOK NUMBER
International Standard Book Number 5862253874
040 ## - CATALOGING SOURCE
Transcribing agency GE_BSU
080 ## - UNIVERSAL DECIMAL CLASSIFICATION NUMBER
Universal Decimal Classification number 330(075.8)
245 ## - TITLE STATEMENT
Title Курс Эконогмики:Учубник
245 ## - TITLE STATEMENT
Statement of responsibility, etc. Под. ред. Б. А. Райзбурга,
260 ## - PUBLICATION, DISTRIBUTION, ETC.
Place of publication, distribution, etc. Москва
260 ## - PUBLICATION, DISTRIBUTION, ETC.
Name of publisher, distributor, etc. ИНФРА-М
260 ## - PUBLICATION, DISTRIBUTION, ETC.
Date of publication, distribution, etc. 1997
300 ## - PHYSICAL DESCRIPTION
Extent 720 ст. 24 см.
653 ## - INDEX TERM--UNCONTROLLED
Uncontrolled term Курс Эконогмики:
942 ## - ADDED ENTRY ELEMENTS (KOHA)
Koha item type წიგნი
ეგზემპლარები
Withdrawn status Lost status Damaged status Not for loan Date acquired Barcode Date last seen Price effective from Koha item type Public note
        2018-12-17 7857 2018-12-17 2018-12-17 წიგნი დარბაზი
        2018-12-17 7858 2018-12-17 2018-12-17 წიგნი დარბაზი